书目信息 |
| 题名: |
四川美姑大风顶国家级自然保护区动物多样性
|
|
| 作者: | 冉江洪 主编 ;四川美姑大风顶国家级自然保护区管理局 , 四川大学 编著 | |
| 分册: | ||
| 出版信息: | 成都 四川科学技术出版社 2021.2 |
|
| 页数: | 140页 | |
| 开本: | 24cm | |
| 丛书名: | ||
| 单 册: | ||
| 中图分类: | S759.992.714 , Q958.527.14 | |
| 科图分类: | ||
| 主题词: | 自然保护区--动物--生物多样性--研究--美姑县 | |
| 电子资源: | ||
| ISBN: | 978-7-5727-0038-5 | |
| 000 | 01416nam0 2200265 45 | |
| 001 | 012001001484 | |
| 005 | 20140914084152.0 | |
| 010 | @a978-7-5727-0038-5@dCNY68.00 | |
| 100 | @a20210513d2021 em y0chiy50 ea | |
| 101 | 0 | @achi |
| 102 | @aCN@b510000 | |
| 105 | @aab z 000yy | |
| 106 | @ar | |
| 200 | 1 | @a四川美姑大风顶国家级自然保护区动物多样性@b专著@f四川美姑大风顶国家级自然保护区管理局,四川大学生命科学学院编著@g四川美姑大风顶国家级自然保护区管理局, 四川大学编著@Asi chuan mei gu da feng ding guo jia ji zi ran bao hu qu dong wu duo yang xing |
| 210 | @a成都@c四川科学技术出版社@d2021.2 | |
| 215 | @a140页@c彩照,地图@d24cm | |
| 330 | @a本书是2016-2018年对四川美姑大风顶国家级自然保护区的动物资源的野外调查成果。在实地调查的基础上,结合保护区及县域的文献资料、标本数据、红外相机数据,以及四川省大熊猫调查和森林病虫害普查等数据,对保护区的脊椎动物及昆虫资源进行了整理、统计和分析,共记录昆虫423种,脊椎动物402种,其中鱼类7种、两栖类13种、爬行类14种、鸟类268种、哺乳动物10种。 | |
| 606 | 0 | @a自然保护区@x动物@x生物多样性@x研究@y美姑县 |
| 690 | @aS759.992.714@v5 | |
| 690 | @aQ958.527.14@v5 | |
| 701 | 0 | @a冉江洪@Aran jiang hong@4主编 |
| 712 | 02 | @a四川美姑大风顶国家级自然保护区管理局@Asi chuan mei gu da feng ding guo jia ji zi ran bao hu qu guan li ju@4编著 |
| 712 | 02 | @a四川大学@Asi chuan da xue@b生命科学学院@4编著 |
| 801 | 0 | @aCN@bBJSDL@c20211011 |
| 905 | @b1334688-91@dS759.992.714@e155@f4 | |
| 四川美姑大风顶国家级自然保护区动物多样性/四川美姑大风顶国家级自然保护区管理局,四川大学生命科学学院编著/四川美姑大风顶国家级自然保护区管理局, 四川大学编著.-成都:四川科学技术出版社,2021.2 |
| 140页:彩照,地图;24cm |
| ISBN 978-7-5727-0038-5:CNY68.00 |
| 本书是2016-2018年对四川美姑大风顶国家级自然保护区的动物资源的野外调查成果。在实地调查的基础上,结合保护区及县域的文献资料、标本数据、红外相机数据,以及四川省大熊猫调查和森林病虫害普查等数据,对保护区的脊椎动物及昆虫资源进行了整理、统计和分析,共记录昆虫423种,脊椎动物402种,其中鱼类7种、两栖类13种、爬行类14种、鸟类268种、哺乳动物10种。 |
| ● |
| 相关链接 |
|
|
|
|
正题名:四川美姑大风顶国家级自然保护区动物多样性
索取号:S759.992.714/155
 
预约/预借
| 序号 | 登录号 | 条形码 | 馆藏地/架位号 | 状态 | 备注 |
| 1 | 1334688 | 213346887 | 第二样本阅览室/ [索取号:S759.992.714/155] | 在馆 | |
| 2 | 1334689 | 213346896 | 第三借阅区/ [索取号:S759.992.714/155] | 在馆 | |
| 3 | 1334690 | 213346903 | 第三借阅区/ [索取号:S759.992.714/155] | 在馆 | |
| 4 | 1334691 | 213346912 | 第三借阅区/ [索取号:S759.992.714/155] | 在馆 |